Tooling & Production

Detalles Bibliográficos
Formato: eBook
Lenguaje:inglés
Publicado: Estados Unidos Nelson Publishing 1984
Materias:
Acceso en línea:Acceso restringido

MARC

LEADER 00000nam a22000007a 4500
005 20151109092954.0
007 cr|||| ||u|
008 151109s19842009-usm||pss|||| 00| a1eng d
022 |a 0040-9243  
035 |a 2835 
040 |a vLex 
090 |c 5674  |d 5674 
245 1 0 |a Tooling & Production  |h [Recurso electrn̤ico /  |c Nelson Publishing  
256 |a Servicio electrn̤ico  
260 |a Estados Unidos  |b Nelson Publishing   |c 1984 
300 |a 1 recurso electrn̤ico  
310 |a Mensual 
500 |a T&P - Tooling & Production, published since 1934, provides information to metalworking professionals working in large, high-throughput plants. Original editorial delivers technology, products, and processes applying to aerospace, automotive, medical equipment, mold, tool & die manufacturing, and much more. 
506 1 |a Contenido solo disponible en los productos indicados   |d vLex Global  |d vLex Global (Academic Edition, excluding Law Schools)  |d vLex Global (U.S. Academic Edition, Law Schools)  |d vLex Global (U.S. Academic Edition, excluding Law Schools)  |d vLex Global (Academic Edition, Law Schools) 
650 0 4 |a Tecnologia  |z Estados Unidos 
740 0 |a vLex revista (servicio en ln̕ea) 
856 4 0 |u http://vlex.com/source/tooling-production-2835  |z Acceso restringido 
942 |c REV 
999 0 |a Technology